LA VIDA POR EL PUEBLO: CRISTIANOS DE COMUNIDADES POPULARES EN AMERICA LATINA

Uloženo v:
Podrobná bibliografie
Médium: Kniha
Témata:
Tagy: Přidat tag
Žádné tagy, Buďte první, kdo vytvoří štítek k tomuto záznamu!

MARC

LEADER 00000nam^a2200000^a^4500
001 000224189
005 20250521000000.0
009 20260310104041.197
020 |a 84-85016-36-X 
035 |a 042633 
037 |a Acervo Xavier Clavigero 
082 |a 261. 83 VID 
245 1 3 |a LA VIDA POR EL PUEBLO:  |b CRISTIANOS DE COMUNIDADES POPULARES EN AMERICA LATINA 
264 |a MADRID :  |b POPULAR,  |c 1981 
300 |a 251p. 
336 |a texto  |b txt  |2 rdacontenido 
337 |a sin mediación  |b n  |2 rdamedio 
338 |a volumen  |b nc  |2 rdasoporte 
649 |a XX 
650 |a Iglesia y Problemas Sociales 
650 |a Iglesia Católica en Latinoamérica 
910 |a Fondo General 
920 |a Impresos - Libros 
930 |a Colección General 
905 |a 101 
901 |a 042633  |b IT1  |c ACC  |i 042633  |u 20250521 
902 |a https://opac.biblio.iteso.mx/vufind/Record/000224189